Finish the Famous Slogan Quiz Stats

 Plays Quiz Updated Oct 16, 2018

Score 0/28 Timer 06:00
34 Plays Today
% Correct
Earth
96.4%
It
96.3%
Way
95.8%
Break
95.5%
Hungry
95.1%
Hands
95%
Stop
94.8%
You
94.5%
Happy
94.1%
On
94%
Machine
94%
Thirst
93.6%
Wallet
92.9%
Name
92.4%
% Correct
Go
92.3%
Drop
92.1%
Fresh
91.5%
Places
91%
Easy
90.3%
Bun
90.3%
Dead
88.4%
Different
87.6%
Country
87%
Print
86.5%
Juicy
86%
Beer
85.4%
Good
84.6%
Family
80%

You're not logged in!

Compare scores with friends on all Sporcle quizzes.
OR
Log In

Show Comments

Extras

Top Quizzes Today


Score Distribution

Your Account Isn't Verified!

In order to create a playlist on Sporcle, you need to verify the email address you used during registration. Go to your Sporcle Settings to finish the process.

Report this User

Report this user for behavior that violates our Community Guidelines.

Details: